000 00365 a2200157 4500
001 68410
020 _a9786556133348
040 _cAnchieta - Pituba
100 _aSouza, Tábatha Katherine de
240 1 0 _aLíngua Portuguesa 9º ano
_l
245 1 0 _aLíngua Portuguesa 9º ano
300 _a400
362 0 _a2023
650 4 _aLíngua portuguesa
942 _cBK
999 _c68410
_d68410